00401ntaaa2200157 45000030003000000050017000030080021000200400037000410820018000781000024000962450033001202500010001532600049001633000009002126500022002210120251027202739.00714s1973 ag 01  aAR-BaBNbspacAR-BaBNeaacrdRIC a745.5100 B38p aBeckmann, Wolfgang  aPintura decorativa en madera a1 ed. aBuenos Aires : bEditorial Kapelusz, cc1972 a34 p atrabajos manuales